[Event "4th ch-EU"]
[Site "Liverpool ENG"]
[Date "2008.09.13"]
[Round "5"]
[White "Conquest,S"]
[Black "David,Alb"]
[Result "0-1"]
[WhiteElo "2536"]
[BlackElo "2568"]
[EventDate "2008.09.09"]

1. c4 Nf6 2. Nc3 e5 3. Nf3 Nc6 4. g3 Bb4 5. Bg2 O-O 6. O-O e4 7. Ng5 Bxc3
8. bxc3 Re8 9. f3 e3 10. dxe3 Qe7 11. e4 Qc5+ 12. Kh1 h6 13. Nh3 Qxc4 14.
Nf4 d6 15. Qd2 b6 16. Rd1 Ba6 17. Rb1 Rad8 18. Rb2 Qa4 19. Qe1 Bc4 20. Nd5
Nxd5 21. exd5 Ne5 22. Qd2 Qa6 23. Qc2 Bb5 24. Rg1 Nc4 25. Rb4 Ne3 26. Bxe3
Rxe3 27. c4 Bd7 28. Rgb1 Rde8 29. Bf1 R8e5 30. Qd2 Qa5 31. R1b2 Qc5 32.
R4b3 a5 33. Rxe3 Rxe3 34. Kg2 Ba4 35. h4 Qa3 36. Qd4 Qc3 37. Rd2 Qxd4 38.
Rxd4 Ra3 39. Rd2 Rc3 40. e4 Bc2 41. e5 dxe5 42. d6 cxd6 43. Rxd6 Ra3 44.
Rxb6 Rxa2 45. Kh3 e4 46. c5 Bd3 47. Bxd3 exd3 48. Rd6 d2 49. c6 Rc2 50. c7
Rxc7 51. Rxd2 Ra7 52. Rd8+ Kh7 53. Rd3 a4 54. Ra3 f5 55. h5 Kg8 56. Kg2 Kf7
57. Kf2 f4 58. g4 Ke6 59. Ke2 Kd5 60. Kd3 Kc5 61. Kc3 Ra8 62. Kc2 Ra7 63.
Rc3+ Kb4 64. Rc8 Re7 65. Rf8 Re2+ 66. Kb1 Rf2 67. Rf7 Rxf3 68. Rxg7 Rg3 69.
Rg6 f3 70. Kc2 a3 71. Rxh6 a2 72. Kb2 Rg2+ 73. Ka1 f2 0-1

[Event "4th ch-EU"]
[Site "Liverpool ENG"]
[Date "2008.09.13"]
[Round "5"]
[White "Howell,D"]
[Black "Bitalzadeh,A"]
[Result "1/2-1/2"]
[WhiteElo "2561"]
[BlackElo "2310"]
[EventDate "2008.09.09"]

1. e4 c6 2. d4 d5 3. exd5 cxd5 4. c4 Nf6 5. Nc3 Nc6 6. Bg5 dxc4 7. Nf3 h6
8. Bxf6 exf6 9. Bxc4 Bd6 10. O-O O-O 11. h3 Bf5 12. Bd3 Qd7 13. Bxf5 Qxf5
14. Qb1 Qa5 15. Qc2 Rfd8 16. Rad1 Rd7 17. Rfe1 Rad8 18. a3 Bf8 19. Qe4 Re7
20. Qd3 Rxe1+ 21. Rxe1 Qb6 22. Na4 Qa5 23. Nc3 Qb6 24. Na4 Qa5 1/2-1/2

[Event "4th ch-EU"]
[Site "Liverpool ENG"]
[Date "2008.09.13"]
[Round "5"]
[White "Smeets,J"]
[Black "Hebden,M"]
[Result "1/2-1/2"]
[WhiteElo "2593"]
[BlackElo "2520"]
[EventDate "2008.09.09"]

1. e4 e5 2. Nf3 Nc6 3. Bb5 a6 4. Ba4 Nf6 5. O-O Be7 6. Re1 b5 7. Bb3 O-O 8.
c3 d5 9. exd5 Nxd5 10. Nxe5 Nxe5 11. Rxe5 c6 12. d3 Bd6 13. Re1 Qh4 14. g3
Qh3 15. Re4 Nf6 16. Rh4 Qf5 17. Nd2 Ng4 18. f3 Ne3 19. Qe2 Nd5 20. c4 Nc7
21. d4 Qg6 22. Qe4 Be6 23. Qxg6 hxg6 24. c5 Be7 25. Re4 Rfd8 26. Bxe6 Nxe6
27. Nb3 a5 28. a4 Bf6 29. axb5 cxb5 30. Rxa5 Rxa5 31. Nxa5 Bxd4+ 32. Be3
Bxe3+ 1/2-1/2

[Event "4th ch-EU"]
[Site "Liverpool ENG"]
[Date "2008.09.13"]
[Round "5"]
[White "Meijers,V"]
[Black "Berg,E"]
[Result "0-1"]
[WhiteElo "2496"]
[BlackElo "2592"]
[EventDate "2008.09.09"]

1. e4 c5 2. Nf3 d6 3. d4 cxd4 4. Nxd4 Nf6 5. Nc3 a6 6. Be2 e5 7. Nb3 Be7 8.
Bg5 Be6 9. Bxf6 Bxf6 10. Qd3 Be7 11. Nd5 Nd7 12. Nxe7 Qxe7 13. Rd1 Nf6 14.
O-O Rd8 15. c4 O-O 16. Nd2 Nd7 17. Nb1 Nb8 18. Nc3 Nc6 19. Rd2 Qg5 20. Rfd1
Nd4 21. b3 f5 22. exf5 Bxf5 23. Qg3 Qh6 24. Bd3 Bxd3 25. Qxd3 Rf3 26. gxf3
Qh3 27. Ne4 Nxf3+ 28. Qxf3 Qxf3 29. Nxd6 e4 30. Nxb7 Rxd2 31. Rxd2 e3 32.
Rd8+ Kf7 33. Nd6+ Kg6 34. fxe3 Qxe3+ 35. Kf1 Qf4+ 36. Ke2 Qxh2+ 37. Kd3
Qg3+ 38. Kc2 Qf2+ 39. Kd3 Qb6 40. Nb7 Qxb7 41. Kc3 h5 42. Rd4 Qe7 43. b4 h4
44. Rd3 Qe1+ 0-1

[Event "4th ch-EU"]
[Site "Liverpool ENG"]
[Date "2008.09.13"]
[Round "5"]
[White "Shaw,J"]
[Black "Sulskis,S"]
[Result "1/2-1/2"]
[WhiteElo "2469"]
[BlackElo "2562"]
[EventDate "2008.09.09"]

1. e4 c5 2. Nf3 e6 3. c3 d5 4. exd5 exd5 5. d4 Nf6 6. Bg5 a6 7. g3 h6 8.
Bxf6 Qxf6 9. Bg2 Qe7+ 10. Kd2 Nc6 11. Re1 Be6 12. Ke2 g5 13. Kf1 Bg7 14.
Nbd2 O-O 15. dxc5 Qxc5 16. Nb3 Qb6 17. Qd2 d4 18. Nfxd4 Rad8 19. Qe2 Nxd4
20. Nxd4 Bxd4 21. cxd4 Rxd4 22. b3 Rfd8 23. Rad1 Qa5 24. Rxd4 Rxd4 25. Qe5
Qxe5 26. Rxe5 b6 27. Ke1 Kg7 28. Bf1 Kf6 29. Re3 a5 30. Be2 Rd5 31. Rc3 b5
32. a3 Re5 33. Kd2 Rd5+ 34. Ke3 Re5+ 35. Kd2 Rd5+ 36. Ke3 Re5+ 37. Kd2 Rd5+
38. Ke3 Re5+ 39. Kd2 1/2-1/2

[Event "4th ch-EU"]
[Site "Liverpool ENG"]
[Date "2008.09.13"]
[Round "5"]
[White "Wells,P"]
[Black "Pileckis,E"]
[Result "1-0"]
[WhiteElo "2526"]
[BlackElo "2443"]
[EventDate "2008.09.09"]

1. Nf3 Nf6 2. c4 b6 3. Nc3 Bb7 4. d4 e6 5. a3 d5 6. cxd5 exd5 7. g3 a6 8.
Bg2 Bd6 9. O-O O-O 10. Nh4 Qd7 11. Qc2 Re8 12. Nf5 Bf8 13. Bg5 Ne4 14. Nxe4
dxe4 15. Bh3 Qc6 16. Rac1 Qxc2 17. Rxc2 c6 18. Ne3 a5 19. Rd1 Ba6 20. d5
Bb5 21. d6 f6 22. d7 Rd8 23. Bf4 Na6 24. Rd4 c5 25. Be6+ Kh8 26. Rdd2 g5
27. Bd6 Ba4 28. Bxf8 Rxf8 29. b3 Bb5 30. a4 Bc6 31. Rd6 Nb4 32. Rcd2 Rfd8
33. Nc2 e3 34. Nxb4 axb4 35. fxe3 Be4 36. Rxb6 Kg7 37. g4 Ra7 38. Rbd6 1-0

[Event "4th ch-EU"]
[Site "Liverpool ENG"]
[Date "2008.09.13"]
[Round "5"]
[White "D'Costa,L"]
[Black "Short,N"]
[Result "1/2-1/2"]
[WhiteElo "2414"]
[BlackElo "2655"]
[EventDate "2008.09.09"]

1. c4 e5 2. g3 d6 3. Bg2 Nc6 4. Nc3 Be6 5. d3 Qd7 6. Rb1 g6 7. b4 Bg7 8.
Bd2 Nge7 9. b5 Nd8 10. Qc1 h6 11. a4 f5 12. Nd5 a6 13. e3 axb5 14. axb5 O-O
15. Ne2 Nxd5 16. cxd5 Bf7 17. O-O b6 18. e4 fxe4 19. dxe4 g5 20. f4 Bh5 21.
Qc4 exf4 22. gxf4 Bxe2 23. Qxe2 Nf7 24. Qh5 Ra2 25. Be3 Qe7 26. Rbe1 Rfa8
27. Bh3 Qxe4 28. Bf2 Qxf4 29. Be6 R8a3 30. Qxf7+ Qxf7 31. Bxf7+ Kxf7 32.
Bd4+ Kg6 33. Re6+ Kh5 34. Bxg7 Rd3 35. Kh1 Rxd5 36. Rg1 g4 37. Bxh6 Re5 38.
Rf6 g3 39. hxg3 Kg4 40. Rf4+ Kh5 41. Rf6 Kg4 42. Rf4+ Kh5 43. Rf6 1/2-1/2

[Event "4th ch-EU"]
[Site "Liverpool ENG"]
[Date "2008.09.13"]
[Round "5"]
[White "Tiviakov,S"]
[Black "Langrock,H"]
[Result "1-0"]
[WhiteElo "2645"]
[BlackElo "2398"]
[EventDate "2008.09.09"]

1. e4 e6 2. d4 d5 3. Nd2 dxe4 4. Nxe4 Nd7 5. Nf3 Ngf6 6. Nxf6+ Nxf6 7. Bd3
c5 8. O-O cxd4 9. Nxd4 Bc5 10. Nb3 Bd6 11. c3 Qc7 12. h3 Bd7 13. Nd4 Bh2+
14. Kh1 Bf4 15. Re1 O-O 16. Qf3 Bxc1 17. Raxc1 Rac8 18. Bb1 Bc6 19. Qe2 b6
20. Rcd1 Rfd8 21. a3 Rd7 22. Bd3 Rdd8 23. f4 Ba4 24. b3 Bd7 25. Ba6 Ra8 26.
Qf3 g6 27. c4 Rab8 28. Rd2 Re8 29. Bb5 Bxb5 30. Nxb5 Qb7 31. Qe3 Red8 32.
Red1 Rxd2 33. Rxd2 a6 34. Nd6 Qc6 35. Qe5 Rd8 36. Nf5 Qe8 37. Qxf6 Rxd2 38.
Qg7+ 1-0

[Event "4th ch-EU"]
[Site "Liverpool ENG"]
[Date "2008.09.13"]
[Round "5"]
[White "L'Ami,E"]
[Black "Eggleston,D"]
[Result "1-0"]
[WhiteElo "2610"]
[BlackElo "2372"]
[EventDate "2008.09.09"]

1. d4 Nf6 2. c4 e6 3. Nc3 Bb4 4. Qc2 O-O 5. a3 Bxc3+ 6. Qxc3 b6 7. Bg5 Bb7
8. f3 d5 9. e3 Nbd7 10. cxd5 exd5 11. Bd3 h6 12. Bh4 Qe7 13. Ne2 c5 14. Bb5
Qd6 15. O-O Rac8 16. Qd2 a6 17. Bd3 Rfe8 18. Bf5 Rc6 19. Rad1 Qe7 20. Nc3
Rc7 21. Rfe1 Bc6 22. e4 cxd4 23. Nxd5 Bxd5 24. exd5 Qc5 25. Rxe8+ Nxe8 26.
Qxd4 Nd6 27. Qxc5 Nxc5 28. Bg3 Ncb7 29. Bd3 b5 30. h4 Kf8 31. Bf2 Ke7 32.
Bd4 f6 33. Bc3 Kd7 34. g4 Nc5 35. Bc2 Na4 36. Bxa4 bxa4 37. Rd4 Rc4 38. Kf2
Rxd4 39. Bxd4 Ne8 40. Bc5 Nc7 41. Bf8 g6 42. Bxh6 Nxd5 43. Bd2 Ke6 44. h5
gxh5 45. gxh5 f5 46. Kg3 Nf6 47. Kh4 Nh7 48. h6 Kf6 49. Kh5 Kf7 50. Bc3 Kg8
51. Kg6 Nf6 52. Bxf6 f4 53. Bg7 a5 54. h7+ 1-0

[Event "4th ch-EU"]
[Site "Liverpool ENG"]
[Date "2008.09.13"]
[Round "5"]
[White "Ris,R"]
[Black "Kotronias,V"]
[Result "0-1"]
[WhiteElo "2415"]
[BlackElo "2574"]
[EventDate "2008.09.09"]

1. e4 d5 2. exd5 Qxd5 3. Nf3 Bg4 4. Be2 Nc6 5. d4 O-O-O 6. c4 Qf5 7. Be3
Nf6 8. O-O e5 9. d5 e4 10. Nd4 Nxd4 11. Bxd4 Bd6 12. Bxf6 Bxe2 13. Qxe2
Qxf6 14. Nc3 Qe5 15. g3 f5 16. f4 exf3 17. Qxe5 Bxe5 18. Rxf3 g6 19. Re1
Rhe8 20. Kf1 Kd7 21. b3 Bxc3 22. Rxc3 Rxe1+ 23. Kxe1 Re8+ 24. Kd2 Kd6 25.
Rf3 Re4 26. Kd3 Ke5 27. Rf1 g5 28. Rc1 h5 29. Rf1 a5 30. a3 h4 31. Rg1 h3
32. Rf1 g4 33. b4 axb4 34. axb4 b5 35. cxb5 Rxb4 36. Rc1 Rb3+ 37. Kc4 Rb2
38. Kc5 Rxh2 39. Kc6 Re2 40. b6 cxb6 41. d6 Rd2 42. Re1+ Kf6 43. d7 f4 44.
Rf1 Ke6 45. Re1+ Kf5 46. Rf1 f3 47. Rb1 f2 48. Rb2 f1=Q 0-1

[Event "4th ch-EU"]
[Site "Liverpool ENG"]
[Date "2008.09.13"]
[Round "5"]
[White "Dgebuadze,A"]
[Black "Radovanovic,J"]
[Result "1-0"]
[WhiteElo "2562"]
[BlackElo "2325"]
[EventDate "2008.09.09"]

1. e4 c5 2. Nf3 d6 3. d4 cxd4 4. Qxd4 Nc6 5. Bb5 Bd7 6. Bxc6 Bxc6 7. Nc3
Nf6 8. Bg5 e6 9. O-O-O Be7 10. h4 h6 11. Be3 e5 12. Qd3 Qa5 13. Nd2 O-O 14.
Nc4 Qc7 15. Bd2 Nxe4 16. Nxe4 Rac8 17. Nexd6 Rfd8 18. Bc3 f6 19. Qf5 Bd7
20. Qe4 Bc6 21. Qg4 Bxd6 22. Rxd6 1-0

[Event "4th ch-EU"]
[Site "Liverpool ENG"]
[Date "2008.09.13"]
[Round "5"]
[White "Estremera Panos,S"]
[Black "Carlsson,P"]
[Result "1/2-1/2"]
[WhiteElo "2394"]
[BlackElo "2514"]
[EventDate "2008.09.09"]

1. d4 Nf6 2. c4 e6 3. Nc3 Bb4 4. e3 O-O 5. Bd3 d5 6. Nf3 c5 7. O-O dxc4 8.
Bxc4 Nbd7 9. a3 cxd4 10. axb4 dxc3 11. bxc3 Qc7 12. Be2 b6 13. Qb3 Bb7 14.
Rd1 Rfc8 1/2-1/2

[Event "4th ch-EU"]
[Site "Liverpool ENG"]
[Date "2008.09.13"]
[Round "5"]
[White "Rausis,I"]
[Black "Rodriguez Lopez,Ra"]
[Result "1-0"]
[WhiteElo "2486"]
[BlackElo "2312"]
[EventDate "2008.09.09"]

1. d4 d5 2. c4 e6 3. Nf3 Be7 4. g3 dxc4 5. Bg2 a6 6. Ne5 c5 7. Be3 cxd4 8.
Qxd4 Qxd4 9. Bxd4 Bf6 10. Nd2 Nd7 11. Ndxc4 Nxe5 12. Nxe5 Ne7 13. O-O Nf5
14. Bc3 O-O 15. Rfd1 Re8 16. Rac1 Ra7 17. Nd7 Bxc3 18. Rxc3 b5 19. Nb6 Ne7
20. Rdc1 Bd7 21. Rc7 Rxc7 22. Rxc7 Bc8 23. Nxc8 Nxc8 24. Bb7 Nd6 25. Bxa6
Ra8 26. Rc6 Nc4 27. Bxb5 Nxb2 28. Rc2 Nd1 29. a4 Kf8 30. Kf1 1-0

[Event "4th ch-EU"]
[Site "Liverpool ENG"]
[Date "2008.09.13"]
[Round "5"]
[White "Collins,S IRL"]
[Black "Kett,T"]
[Result "1-0"]
[WhiteElo "2412"]
[BlackElo "2247"]
[EventDate "2008.09.09"]

1. e4 e5 2. Nf3 Nc6 3. Bb5 a6 4. Bxc6 dxc6 5. d4 exd4 6. Qxd4 Qxd4 7. Nxd4
Bd7 8. Be3 O-O-O 9. Nd2 f6 10. O-O-O c5 11. Ne2 b6 12. Nf4 Ne7 13. Nc4 Nc6
14. b3 b5 15. Nb2 Ne5 16. c4 Ng4 17. Rhe1 Bd6 18. Nbd3 Nxe3 19. Rxe3 Rhe8
20. g3 c6 21. Rd2 Kc7 22. Rc2 Kb6 23. b4 Rb8 24. bxc5+ Bxc5 25. Nxc5 Kxc5
26. Rd3 Bg4 27. cxb5+ Kxb5 28. f3 g5 29. Ne2 Be6 30. Nd4+ Ka4 31. Nxc6 1-0

[Event "4th ch-EU"]
[Site "Liverpool ENG"]
[Date "2008.09.13"]
[Round "5"]
[White "Zhou,Y"]
[Black "Garcia Castro,P"]
[Result "1-0"]
[WhiteElo "2259"]
[BlackElo "2390"]
[EventDate "2008.09.09"]

1. e4 e5 2. Nf3 d6 3. d4 exd4 4. Nxd4 Nf6 5. Nc3 Be7 6. Be2 O-O 7. O-O Re8
8. Re1 Nbd7 9. Bf1 Bf8 10. Bg5 c6 11. a4 a5 12. Qd2 h6 13. Bh4 Ne5 14. h3
Ng6 15. Bg3 Qb6 16. Bc4 Bd7 17. Bb3 Rad8 18. Rad1 Bc8 19. Kh1 Qb4 20. Qd3
Nd7 21. Qf3 Nge5 22. Bxe5 Nxe5 23. Qe2 d5 24. exd5 c5 25. Nf3 c4 26. Nxe5
cxb3 27. Qh5 Rxe5 28. Qxe5 bxc2 29. Rc1 Qxb2 30. Qc7 Re8 31. Rxe8 Qxc1+ 32.
Kh2 Bd7 33. Ne2 Qd2 34. Qxd7 Qxe2 35. Rxe2 c1=Q 36. Qe8 Qc5 37. Qe4 Bd6+
38. g3 g6 39. Rc2 Qb6 40. Rc8+ Kg7 41. Qe3 Qxe3 42. fxe3 f5 43. Kg2 Kf6 44.
Re8 Be7 45. Kf3 b6 46. e4 fxe4+ 47. Kxe4 h5 48. Rc8 Bc5 49. Rc6+ Kf7 50.
Ke5 g5 51. Rc7+ Ke8 52. Ke6 Kd8 53. Rh7 b5 54. d6 1-0

[Event "4th ch-EU"]
[Site "Liverpool ENG"]
[Date "2008.09.13"]
[Round "5"]
[White "Horner,J"]
[Black "Lawson,A"]
[Result "1-0"]
[WhiteElo "2372"]
[BlackElo "2200"]
[EventDate "2008.09.09"]

1. e4 c6 2. Nc3 d5 3. Nf3 Bg4 4. h3 Bxf3 5. Qxf3 e6 6. a3 Nd7 7. d3 Ngf6 8.
g3 g6 9. Bg2 Bg7 10. O-O Qb6 11. Qe2 O-O 12. Kh2 Rac8 13. f4 Kh8 14. a4 a5
15. Bd2 Rfe8 16. Rab1 Ng8 17. Qe1 Qc7 18. Ne2 b6 19. Qf2 f5 20. exf5 exf5
21. Nd4 Nc5 22. b3 Nf6 23. Rbe1 Qd6 24. Nf3 Ncd7 25. Rxe8+ Rxe8 26. Re1
Rxe1 27. Qxe1 Kg8 28. Bc3 c5 29. Ne5 Qe6 30. Nxd7 Qxd7 31. Be5 Kf7 32. Qe2
Ne8 33. Bxg7 Kxg7 34. Bxd5 Qxd5 35. Qxe8 Qf3 36. Qe7+ Kg8 37. Qe1 Kf7 38.
Qd2 Ke6 39. Qg2 Qe3 40. Qc6+ Kf7 41. Qb7+ Kf8 42. h4 Qf2+ 43. Qg2 Qe1 44.
Kh3 h5 45. Qf3 Kg7 46. Kg2 Kh6 47. Qf2 Qd1 48. Kh2 Kh7 49. Qg2 Qe1 50. Kh3
Kh6 51. Qf3 Qd2 52. Qa8 Kh7 53. Qb7+ Kh6 54. Qb8 Kh7 55. Qxb6 Qxc2 56. Qc7+
Kh6 57. Qxa5 Qxd3 58. Qxc5 Qxb3 59. Qe5 Kh7 60. Qa1 Qf3 61. Qe1 Qa3 62. a5
Qa2 63. Qe7+ Kg8 64. Qd8+ Kg7 65. Qc7+ Kh6 66. Qe5 Kh7 67. Qb5 Qa1 68. Qd5
Qf1+ 69. Kh2 Qa6 70. Qa2 Kg7 71. Qb2+ Kh7 72. Qd2 Qc6 73. Qe2 Qa4 74. a6
Qd4 75. Qa2 Qa7 76. Kh3 Qg1 77. Qg2 Qa1 78. Qb7+ Kh6 79. a7 1-0

[Event "4th ch-EU"]
[Site "Liverpool ENG"]
[Date "2008.09.13"]
[Round "5"]
[White "Astaneh Lopez,A"]
[Black "Blackburn,J"]
[Result "1-0"]
[WhiteElo "2357"]
[BlackElo "2196"]
[EventDate "2008.09.09"]

1. d4 e6 2. Nf3 b6 3. c4 Bb7 4. a3 Nf6 5. Nc3 d5 6. Bg5 h6 7. Bxf6 Qxf6 8.
cxd5 exd5 9. Qa4+ Bc6 10. Qb3 Bd6 11. e3 O-O 12. Rc1 Qe6 13. Bd3 Bb7 14.
Nb5 c6 15. Nxd6 Qxd6 16. O-O Nd7 17. Bf5 Nf6 18. Qb4 Qc7 19. Rc2 g6 20. Bd3
a5 21. Qc3 Qd6 22. Rfc1 Rfc8 23. b4 axb4 24. Qxb4 Qxb4 25. axb4 Nd7 26. h4
Ra3 27. Bb5 Nf6 28. Ne5 Rb3 29. Bxc6 Ba6 30. Bxd5 Nxd5 31. Rxc8+ Bxc8 32.
Rxc8+ Kg7 33. Rd8 Nxb4 34. Rd7 b5 35. Rxf7+ Kg8 36. Rb7 Nd5 37. Nxg6 b4 38.
Ne7+ Nxe7 39. Rxe7 Rb1+ 40. Kh2 b3 41. Rb7 b2 42. Kg3 Kf8 43. Kf4 Rh1 44.
Rxb2 Rxh4+ 45. Kf5 1-0

[Event "4th ch-EU"]
[Site "Liverpool ENG"]
[Date "2008.09.13"]
[Round "5"]
[White "White,Mi"]
[Black "Cafolla,P"]
[Result "1-0"]
[WhiteElo "2289"]
[BlackElo "2055"]
[EventDate "2008.09.09"]

1. e4 c5 2. Nf3 Nc6 3. d4 cxd4 4. Nxd4 Nf6 5. Nc3 e5 6. Nde2 a6 7. g3 Bc5
8. Bg2 O-O 9. O-O b5 10. Bg5 h6 11. Bxf6 Qxf6 12. Nd5 Qd8 13. c3 Rb8 14. b4
Ba7 15. Qd3 d6 16. Ne3 Be6 17. Rfd1 Qb6 18. Rd2 Rbd8 19. a4 Rd7 20. Kh1 Qb8
21. f4 f6 22. f5 Bf7 23. Nd5 Rfd8 24. Bf1 Ne7 25. axb5 Nxd5 26. exd5 e4 27.
Qxe4 Re8 28. Qg2 axb5 29. Rd3 Re5 30. g4 Rde7 31. Nf4 Re1 32. Rdd1 Rxd1 33.
Rxd1 Re3 34. Rc1 Be8 35. Ne6 Qb7 36. c4 bxc4 37. Bxc4 Qxb4 38. Qf1 Ba4 39.
Bd3 Bb3 40. Rc8+ Kh7 41. Nf8+ Kg8 42. Ng6+ 1-0

[Event "4th ch-EU"]
[Site "Liverpool ENG"]
[Date "2008.09.13"]
[Round "5"]
[White "Yeo,M"]
[Black "Paulet,I"]
[Result "1-0"]
[WhiteElo "2110"]
[BlackElo "2275"]
[EventDate "2008.09.09"]

1. e4 c5 2. Nf3 d6 3. d4 cxd4 4. Nxd4 Nf6 5. Nc3 a6 6. Bg5 e6 7. f4 Nbd7 8.
Qf3 Qc7 9. O-O-O b5 10. e5 Bb7 11. Qh3 dxe5 12. Nxe6 fxe6 13. Qxe6+ Be7 14.
Bxb5 axb5 15. Nxb5 Qc6 16. Nd6+ Kd8 17. fxe5 Kc7 18. Rhe1 Nd5 19. Bxe7 Rxa2
20. c4 Nxe7 21. Qxe7 Ra1+ 22. Kc2 Qxg2+ 23. Kc3 Rxd1 24. Nb5+ Kc8 25. Rxd1
Bc6 26. Na7+ Kc7 27. Qd6+ Kb6 28. Nxc6 Qxc6 29. Qxd7 Qxd7 30. Rxd7 g5 31.
Kd4 h5 32. Kd5 g4 33. c5+ Ka6 34. b4 h4 35. Kc4 Rb8 36. Rg7 g3 37. hxg3
hxg3 38. Rxg3 Ka7 39. b5 Re8 40. b6+ Kb8 41. c6 Kc8 42. e6 Kd8 43. e7+ Kc8
44. Rf3 1-0

[Event "4th ch-EU"]
[Site "Liverpool ENG"]
[Date "2008.09.13"]
[Round "5"]
[White "Motoc,A"]
[Black "McCarthy,Ji"]
[Result "1-0"]
[WhiteElo "2303"]
[BlackElo "2084"]
[EventDate "2008.09.09"]

1. d4 d5 2. c4 c6 3. Nf3 Nf6 4. e3 Bf5 5. Nc3 e6 6. Nh4 Be4 7. Qb3 Qc7 8.
f3 Bg6 9. Bd2 Be7 10. Nxg6 hxg6 11. cxd5 Nxd5 12. O-O-O Nd7 13. Kb1 a6 14.
e4 N5b6 15. g3 Bd6 16. f4 c5 17. d5 c4 18. Qc2 e5 19. Re1 O-O-O 20. a4 exf4
21. gxf4 Bxf4 22. Bxf4 Qxf4 23. a5 Na8 24. Na4 Qc7 25. Qxc4 Qxc4 26. Bxc4
Ne5 27. b3 Nf3 28. Re2 Rh4 29. e5 Re8 30. e6 fxe6 31. dxe6 Nd4 32. Re5 Nf3
33. Rc5+ Kb8 34. Bd5 Nd2+ 35. Kc2 Ne4 36. Rc4 Rc8 37. e7 Rxc4+ 38. bxc4 Nf6
39. Rb1 Rxh2+ 40. Kd1 Kc7 41. Rxb7+ Kd6 42. Bf7 Nc7 43. Nb6 Rh8 44. Bxg6
Nfe8 45. Kc2 Nf6 46. Kb3 Kc6 47. Ra7 Rb8 48. Kb4 Rh8 49. Bc2 Rh4 50. Ba4+
Kd6 51. Nc8+ Ke6 52. Kc5 Nfe8 53. Bxe8 Nxe8 54. Rxa6+ Kd7 55. Nb6+ Kxe7 56.
Nd5+ Kd8 57. Ra8+ Kd7 58. Ra7+ Kd8 59. a6 Rh1 60. Rb7 1-0

[Event "4th ch-EU"]
[Site "Liverpool ENG"]
[Date "2008.09.13"]
[Round "5"]
[White "Cruz Alvarez de Ron,D"]
[Black "Brown,Mart"]
[Result "1-0"]
[WhiteElo "2278"]
[BlackElo "2072"]
[EventDate "2008.09.09"]

1. g3 d5 2. Bg2 e5 3. d3 c6 4. Nd2 Bd6 5. e4 Nf6 6. Ne2 dxe4 7. dxe4 O-O 8.
O-O Bc7 9. b3 b5 10. Ba3 Bd6 11. Bb2 Qe7 12. a4 Rd8 13. Qc1 b4 14. h3 Ba6
15. Re1 Nbd7 16. g4 Nf8 17. Ng3 g6 18. Nf3 N6d7 19. Qh6 Ne6 20. Rad1 Bc7
21. Rd2 f6 22. Red1 Ndf8 23. h4 Rxd2 24. Rxd2 Rd8 25. Rxd8 Nxd8 26. Qd2 Qd6
27. Bf1 Qxd2 28. Nxd2 Bxf1 29. Kxf1 Nfe6 30. Nc4 Nd4 31. Bxd4 exd4 32. Ne2
Ne6 33. Ke1 c5 34. Kd2 Kf8 35. Kd3 Ke7 36. Nb2 Kd7 37. Kc4 Kc6 38. Nd3 Bd6
39. f4 Nf8 40. Nf2 Nd7 41. Kd3 h6 42. h5 g5 43. e5 Bc7 44. e6 Nb6 45. Ke4
Kd6 46. Kf5 Ke7 47. fxg5 fxg5 48. Kg6 Nd5 49. Kxh6 Ne3 50. Kxg5 Nxc2 51.
Nd3 c4 52. bxc4 Kxe6 53. Kg6 b3 54. h6 Be5 55. h7 Bh8 56. g5 Nb4 57. Nc5+
Ke7 58. Nxb3 d3 59. Nf4 Kd6 60. Kf7 Nc6 61. Nxd3 Nd8+ 62. Kg8 Ke7 63. Kxh8
Kf8 64. g6 Ne6 65. Nbc5 Ng7 66. Nd7+ 1-0

[Event "4th ch-EU"]
[Site "Liverpool ENG"]
[Date "2008.09.13"]
[Round "5"]
[White "Calzetta,M"]
[Black "Wilson,A"]
[Result "1-0"]
[WhiteElo "2264"]
[BlackElo "2059"]
[EventDate "2008.09.09"]

1. e4 e6 2. d4 d5 3. Nd2 Nf6 4. e5 Nfd7 5. Bd3 c5 6. c3 Nc6 7. Ne2 cxd4 8.
cxd4 f6 9. exf6 Qxf6 10. Nf3 h6 11. O-O Bd6 12. Ng3 O-O 13. Bc2 Rd8 14. Re1
Nf8 15. Ne5 Bd7 16. f4 Be8 17. Be3 Rac8 18. Rc1 Ne7 19. Qg4 Rc7 20. Bd3
Rdc8 21. Rcd1 Bg6 22. Nh5 Bxh5 23. Qxh5 Nf5 24. Bf2 g6 25. Qh3 h5 26. a3
Rg7 27. Kh1 Nh6 28. Bh4 Qxf4 29. Rf1 Qxd4 30. Nxg6 Qg4 31. Nxf8 Rxf8 32.
Rxf8+ Kxf8 33. Re1 Qxh3 34. gxh3 Kf7 35. Rf1+ Nf5 36. Bxf5 exf5 37. Rxf5+
Ke6 38. Rxh5 d4 39. Rh6+ Kd5 40. Bf6 Rd7 41. Rh5+ Ke4 42. Rh4+ Bf4 43. Bg5
Rf7 44. Kg2 Ke3 45. Rxf4 Rxf4 46. Kg3 1-0

[Event "4th ch-EU"]
[Site "Liverpool ENG"]
[Date "2008.09.13"]
[Round "5"]
[White "Naslund,M"]
[Black "Wells,D"]
[Result "1/2-1/2"]
[WhiteElo "2243"]
[BlackElo "2016"]
[EventDate "2008.09.09"]

1. d4 Nf6 2. c4 g6 3. Nc3 Bg7 4. e4 d6 5. f3 O-O 6. Be3 c5 7. dxc5 dxc5 8.
Qxd8 Rxd8 9. Bxc5 Nc6 10. Ba3 a5 11. Rd1 Nd7 12. Nd5 Kf8 13. Ne2 Nb4 14.
Nec3 Nc2+ 15. Kf2 Nxa3 16. bxa3 Nc5 17. Be2 Ra6 18. Nb5 Bd7 19. Ndc3 e6 20.
f4 e5 21. f5 Raa8 22. g4 Bxb5 23. cxb5 Rd4 24. Kf3 Rad8 25. Rxd4 exd4 26.
Nd5 Re8 27. Rc1 Nxe4 28. fxg6 hxg6 29. Rc7 Nc3 30. Bc4 Nxd5 31. Bxd5 Re3+
32. Kf2 Re7 33. Rc8+ Re8 34. Rxe8+ Kxe8 35. Bxb7 g5 36. Kf3 Be5 37. Ke4
Bxh2 38. Kxd4 Kd7 39. Bd5 f6 40. Kc5 Bg1+ 41. Kc4 Kc7 42. Be6 1/2-1/2

[Event "4th ch-EU"]
[Site "Liverpool ENG"]
[Date "2008.09.13"]
[Round "5"]
[White "Tebb,D"]
[Black "Van Kemenade,R"]
[Result "1-0"]
[WhiteElo "2215"]
[BlackElo "1971"]
[EventDate "2008.09.09"]

1. e4 e5 2. f4 Qf6 3. Nf3 Qxf4 4. Nc3 d6 5. Bc4 Qg4 6. O-O f6 7. d4 Nc6 8.
Nd5 Qd7 9. c3 Nd8 10. dxe5 dxe5 11. Nxe5 fxe5 12. Qh5+ g6 13. Qxe5+ Ne6 14.
Qxh8 Qg7 15. Qxg7 Bxg7 16. Nxc7+ Nxc7 17. Bxg8 1-0

[Event "4th ch-EU"]
[Site "Liverpool ENG"]
[Date "2008.09.13"]
[Round "5"]
[White "Benson,O"]
[Black "Surtees,M"]
[Result "0-1"]
[WhiteElo "1852"]
[BlackElo "2182"]
[EventDate "2008.09.09"]

1. d4 c6 2. c4 f6 3. Nf3 e5 4. Nc3 Bb4 5. dxe5 fxe5 6. Nxe5 Bxc3+ 7. bxc3
Qa5 8. Qd4 d6 9. Nf3 Ne7 10. Qxg7 Rg8 11. Qd4 Rg4 12. Qh8+ Rg8 13. Qf6 Nd7
14. Qd4 Nc5 15. Bb2 Nf5 16. Qd2 Be6 17. e3 O-O-O 18. Nd4 Rde8 19. Nxe6 Rxe6
20. Bd3 Nh4 21. Bxh7 Rxg2 22. Ke2 Na4 23. Bd3 Rf6 24. Kf1 Rfxf2+ 25. Qxf2
Rxf2+ 26. Kxf2 Nxb2 27. Be2 Qxc3 28. Rac1 Nd3+ 29. Bxd3 Qxd3 30. Rhd1 Qf5+
31. Kg3 Qg5+ 32. Kh3 Nf5 33. e4 Qh5+ 0-1

[Event "4th ch-EU"]
[Site "Liverpool ENG"]
[Date "2008.09.13"]
[Round "5"]
[White "Campbell,I"]
[Black "Owen,D"]
[Result "1/2-1/2"]
[WhiteElo "2031"]
[BlackElo "2095"]
[EventDate "2008.09.09"]

1. d4 d5 2. Nf3 Nf6 3. e3 e6 4. Bd3 Nbd7 5. b3 Bd6 6. Bb2 Qe7 7. O-O Ne4 8.
Nbd2 f5 9. c4 c6 10. Ne5 Nxe5 11. dxe5 Bc5 12. Bd4 Bb4 13. Nf3 g5 14. Qe2
g4 15. Bxe4 dxe4 16. Ne1 c5 17. Bb2 Rg8 18. Nc2 Ba5 19. Rfd1 Bd7 20. a3 Bc7
21. Qd2 Rd8 22. Qc3 Rg6 23. g3 Rh6 24. Ne1 Qg5 25. Ng2 Qh5 26. Nh4 Bc6 27.
Kf1 b6 28. a4 Rc8 29. b4 cxb4 30. Qxb4 Qf7 31. Rd6 Bd8 32. Rad1 a5 33. Qd2
Bxh4 34. gxh4 Qc7 35. Bd4 Bxa4 36. Bxb6 Qxc4+ 37. Kg2 Qb5 38. Rd8+ Rxd8 39.
Qxd8+ Kf7 40. Rc1 Qe8 41. Rc7+ Kg8 42. Rc8 Qxd8 43. Bxd8 Bd7 44. Ra8 Kf7
45. Rxa5 Rg6 1/2-1/2

[Event "4th ch-EU"]
[Site "Liverpool ENG"]
[Date "2008.09.13"]
[Round "5"]
[White "Fox,An"]
[Black "Hawkins,Ja"]
[Result "1/2-1/2"]
[WhiteElo "2068"]
[BlackElo "2013"]
[EventDate "2008.09.09"]

1. e4 e5 2. Nf3 Nc6 3. Bb5 a6 4. Ba4 Nf6 5. O-O Nxe4 6. d4 b5 7. Bb3 d5 8.
dxe5 Be6 9. Nbd2 Nc5 10. c3 d4 11. Bxe6 Nxe6 12. cxd4 Ncxd4 13. a4 Be7 14.
Nxd4 Nxd4 15. Ne4 b4 16. Be3 Ne6 17. Qc2 O-O 18. Rad1 Qc8 19. f4 f5 20. Nc5
Bxc5 21. Bxc5 Nxc5 22. Qxc5 a5 23. Qc4+ Kh8 24. Rd4 Qe8 25. b3 Rd8 26. Rfd1
Qe7 27. h3 h6 28. Qc6 Rxd4 29. Rxd4 Rd8 30. Rxd8+ Qxd8 31. Qc4 Qd1+ 32. Kh2
h5 33. Qf7 h4 34. Qf8+ Kh7 35. Qxf5+ Kg8 36. Qe6+ Kh7 37. f5 Qd4 38. Qg6+
Kg8 39. Qe8+ Kh7 40. Qh5+ Kg8 41. Qe8+ Kh7 1/2-1/2

[Event "4th ch-EU"]
[Site "Liverpool ENG"]
[Date "2008.09.13"]
[Round "5"]
[White "Gorman,J"]
[Black "Taylor,E"]
[Result "1/2-1/2"]
[WhiteElo "1937"]
[BlackElo "2067"]
[EventDate "2008.09.09"]

1. Nf3 Nf6 2. b3 d5 3. Bb2 Bf5 4. e3 e6 5. Be2 Be7 6. O-O Nbd7 7. c4 c6 8.
d3 h6 9. Nbd2 O-O 10. Rc1 Re8 11. Qc2 Bh7 12. Rfe1 Bd6 13. a3 Qe7 14. b4 e5
15. e4 dxe4 16. dxe4 Rad8 17. c5 Bc7 18. Bc4 Nf8 1/2-1/2